First A to Z encyclopedia : Dance,Explorers

Bibliographic Details
Format: Book
Published: Miles Kelly Publishing
Subjects:

MARC

LEADER 00000cam a2200000 7i4500
001 0000004549
005 20151222.0
008 070730
020 |a 184236409X 
090 0 0 |a ENC   |b ENG (4258) 
245 0 0 |a First A to Z encyclopedia :   |b Dance,Explorers 
260 |a Miles Kelly Publishing 
300 |a Volume 3 
500 |a Children ages 7-9 years old (orange) 
650 0 |a Encyclopedia 
650 0 |a Junior fiction   |x English   |x Languages 
999 |a 0000970762   |b Book   |c Children Collection   |e Cawangan Tangkak 
999 |a 0000970792   |b Book   |c Children Collection   |e Cawangan Tangkak 
999 |a 0001052177   |b Book   |c Children Collection   |e Cawangan Taman Universiti 
999 |a 0001069929   |b Book   |c Children Collection   |e Cawangan Pontian 
999 |a 0001069943   |b Book   |c REFERENCE   |e Cawangan Bandar Tenggara 
999 |a 0001077180   |b Book   |c Children Collection   |e Cawangan Taman Universiti 
999 |a 0001077205   |b Book   |c Children Collection   |e Cawangan Pontian 
999 |a 0001077213   |b Book   |c REFERENCE   |e Cawangan Segamat 
999 |a 0001132821   |b Book   |c Children Collection   |e Cawangan Pontian 
999 |a 0001132822   |b Book   |c Children Collection   |e Cawangan Batu Pahat 
999 |a 0001132823   |b Book   |c REFERENCE   |e Cawangan Bandar Tenggara 
999 |a 0001132824   |b Book   |c REFERENCE   |e Cawangan Segamat 
999 |a 0001132828   |b Book   |c Children Collection   |e Cawangan Bukit Gambir 
999 |a 0001132829   |b Book   |c Children Collection   |e Cawangan Batu Pahat 
999 |a 0001132831   |b Book   |c Children Collection   |e Cawangan Bandar Penawar 
999 |a 0001132833   |b Book   |c Children Collection   |e Cawangan Tangkak